Statystyki dla 10 państw Afryki wysuniętych najbardziej na południe

Kliknij tutaj aby rozwiązać quiz!

Ogólne statystyki

  • Ten quiz został rozwiązany 12 090 razy
  • Średni wynik to 8 z 10

Statystyki odpowiedzi

SzerokośćPaństwo% Poprawnych
46°59'SRepublika
Południowej Afryki
100%
30°40'SLesotho
88%
25°37'SMadagaskar
85%
28°58'SNamibia
80%
28°19'SEswatini
79%
26°52'SMozambik
79%
18°05'SZambia
79%
22°25'SZimbabwe
79%
26°54'SBotswana
77%
20°32'SMauritius
55%

Rozkład punktacji

Percentyl według liczby udzielonych odpowiedzi

Procent ludzi z każdym wynikiem

Twoja historia wyników

Nie rozwiązałeś tego quizu